000 00490nam a2200181Ia 4500
005 20250508162101.0
008 008 250505s9999 xx 000 0 eng d
037 _aTextual
040 _aFEDL
_beng
_cFEDL
041 _aeng
_2eng
084 _a371.42, WIL
_qFEDL
100 _aWilliams Ken
_9279008
245 0 _aSchool counsellor
260 _aLondon, UK
_bMethuen and Co. Ltd.
_c1973
300 _aix,131p.
942 _cTEXL
_h371.42, WIL
999 _c1374283
_d1374283